TOP 10 NAPOJI GAZOWANYCH W POLSCE - Statystyki

Ogólne statystyki
  • Ten quiz został rozwiązany 216 razy
  • Średni wynik to 7 z 10
Statystyki odpowiedzi
Hint Odpowiedź % Poprawnych
1 COCA COLA
99%
2 PEPSI
97%
5 FANTA
95%
4 SPRITE
94%
3 MIRINDA
91%
8 7UP
68%
7 MONSTER
51%
10 RED BULL
45%
6 TIGER
45%
9 MOUNTAIN DEW
42%
Nie znaleziono quizów pasujących do podanych kryteriów
Rozkład punktacji
Procent ludzi z każdym wynikiem
Percentyl według liczby udzielonych odpowiedzi
Twoja historia wyników
Nie rozwiązałeś tego quizu